000
00189nam a2200085Ia 4500
008
170620s9999 xx 000 0 und d
100
_a
Kapoor - S.K
245
0
_a
Law of Torts
260
_b
Commercial Law
260
_c
2001
999
_c
28683
_d
28683